000 00684nam a2200217 4500
003 OSt
005 20240624064432.0
006 a
008 240624b |||||||| |||| 00| 0 eng d
020 _a9719919032
040 _aDWCL-Main lib.
_cOC
082 _22011 revised edition
_aFil. 657.3 V173f 2011
100 _aValix, Conrado T.
245 _aFinancial accounting volume 3 /
250 _a2011 revised edition
260 _aManila :
_bGIC Enterprises & Co. , Inc. ,
_cc2011.
300 _b914 p. ;
_c22 cm.
650 _a1. Accounting-Problem,exercises, etc.
650 _a2. Accounting-Examinations, questions, etc.
942 _2ddc
_n0
_cBK - FIL
_e2011 revised edition
_kFil.
999 _c1237
_d1237